| 000 | 00557 a2200193 4500 | ||
|---|---|---|---|
| 001 | 126905 | ||
| 020 | _a978857635754 | ||
| 040 | _cEscola Canadense de Niteroi | ||
| 090 | _aMOU | ||
| 100 | _aMounier, Danielle Béchennec-le | ||
| 245 | 1 | 0 | _aO meu primeiro dicionário |
| 250 | _a1ª Ed. | ||
| 260 | _aSão Paulo | ||
| 300 |
_a239 p. _bil. _c23x15 cm. (capa dura) |
||
| 362 | 0 | _a2010 | |
| 520 | _a16 painéis ilustrados com animais, flores, frutas, árvores o corpo humano e a bandeira de todos os países! | ||
| 650 | 4 | _aDicionário | |
| 942 | _cBK | ||
| 999 |
_c126905 _d126905 |
||